Evaluation of some clones (Hevea brasiliensis)in a small scale trial in the southern part of Guatemala (Record no. 59006)

MARC details
000 -LEADER
fixed length control field 00651nam a2200229Ia 4500
100 ## - MAIN ENTRY--AUTHOR NAME
Personal name Sosof J C
245 #0 - TITLE STATEMENT
Title Evaluation of some clones (Hevea brasiliensis)in a small scale trial in the southern part of Guatemala
260 ## - PUBLICATION, DISTRIBUTION, ETC. (IMPRINT)
Name of publisher IRRDB International Rubber Conference 14-17 December 2011 Chiang
650 ## - SUBJECT ADDED ENTRY--TOPICAL TERM
Topical Term Girth
650 ## - SUBJECT ADDED ENTRY--TOPICAL TERM
Topical Term Guatemala
650 ## - SUBJECT ADDED ENTRY--TOPICAL TERM
Topical Term Hevea brasiliensis
650 ## - SUBJECT ADDED ENTRY--TOPICAL TERM
Topical Term Latex physiology
650 ## - SUBJECT ADDED ENTRY--TOPICAL TERM
Topical Term Small scale trial
650 ## - SUBJECT ADDED ENTRY--TOPICAL TERM
Topical Term Yield
700 ## - ADDED ENTRY--PERSONAL NAME
Personal name Anleu J
700 ## - ADDED ENTRY--PERSONAL NAME
Personal name Chapuset T
700 ## - ADDED ENTRY--PERSONAL NAME
Personal name Lacote R
700 ## - ADDED ENTRY--PERSONAL NAME
Personal name Najera C
700 ## - ADDED ENTRY--PERSONAL NAME
Personal name Rivano F
942 ## - ADDED ENTRY ELEMENTS (KOHA)
Koha item type Journals
Holdings
Withdrawn status Lost status Damaged status Not for loan Home library Current library Shelving location Date acquired Koha item type
      Journals RRII Library RRII Library Botany 26/09/2013 Journals